| 000 | 00592nam a2200229Ia 4500 | ||
|---|---|---|---|
| 003 | OSt | ||
| 005 | 20221005131058.0 | ||
| 006 | a|||||r|||| 00| 0 | ||
| 007 | ta | ||
| 008 | 221004b |||||||| |||| 00| 0 eng d | ||
| 024 | _a40002 | ||
| 037 | _cTextual | ||
| 040 |
_aCRL _cCRL _beng |
||
| 041 |
_2eng _aeng |
||
| 082 | _aO:4L17x, F6.1 | ||
| 100 |
_aWalpone Horace _9639074 |
||
| 245 | 0 | _aSelection of the letters ed by W S Lewis | |
| 260 | _c1926 | ||
| 650 | _aENGLISH LITERATURE | ||
| 942 |
_hO:4L17x, F6.1 _cTEXL _2cc |
||
| 999 |
_c1059269 _d1059269 |
||